Centroamérica: los pueblos avanzan. Se resquebraja el esquema de dominación
Gespeichert in:
| Format: | Text |
|---|---|
| Schlagworte: | |
| Tags: |
Tag hinzufügen
Keine Tags, Fügen Sie den ersten Tag hinzu!
|
MARC
| LEADER | 00000 a a2200000 04500 | ||
|---|---|---|---|
| 001 | 1505 | ||
| 003 | |||
| 040 | |||
| 245 | |a Centroamérica: los pueblos avanzan. Se resquebraja el esquema de dominación | ||
| 650 | |a TRABAJADORES | ||
| 650 | |a ECONOMIA | ||
| 650 | |a ADMINISTRACION FINANCIERA | ||
| 650 | |a INTERVENCION DEL ESTADO | ||
| 650 | |a CENTROAMERICA | ||
| 773 | |g número 1; páginas 7-11 | ||
| 999 | |c 34511 |d 34511 | ||
